00508nam a2200145Ia 4500008004100000100002300041245004600064245010200110260003900212260000900251300001100260650001800271650001500289856005800304170221s9999 xx 000 0 und d aKimberly K. Arcand aProcessing Color in Astronomical Imagery  cKimberly K. Arcand, Megan Watzke, Travis Rector, Zoltan G. Levay, Joseph DePasquale, Olivia Smarr bStudies in Media and Communication c2013 a33 : 8 xCommunication xMedia Arts uhttp://redfame.com/journal/index.php/smc/issue/view/8